ბათუმის შოთა რუსთაველის სახელმწიფო უნივერსიტეტის ბიბლიოთეკა

რჩეული თხზულებანი სამ ტომად. ტ.1 (ბიბ.ჩანაწერი № 48568)

000 -LEADER
fixed length control field 00698nam a2200217Ia 4500
001 - CONTROL NUMBER
control field 15467
003 - CONTROL NUMBER IDENTIFIER
control field GE_BSU
008 - FIXED-LENGTH DATA ELEMENTS--GENERAL INFORMATION
fixed length control field 181216s||||||||xx |||||||||||||| ||und||
040 ## - CATALOGING SOURCE
Transcribing agency GE_BSU
080 ## - UNIVERSAL DECIMAL CLASSIFICATION NUMBER
Universal Decimal Classification number 821.353.1-32+821.353.1-31
100 ## - MAIN ENTRY--PERSONAL NAME
Personal name ჩხეიძე,ოთარ
245 ## - TITLE STATEMENT
Title რჩეული თხზულებანი სამ ტომად. ტ.1
245 ## - TITLE STATEMENT
Remainder of title რომანები.
245 ## - TITLE STATEMENT
Statement of responsibility, etc. რედ.მ.სანადირაძე. მხატვ. დ.გრიგოლია
260 ## - PUBLICATION, DISTRIBUTION, ETC.
Place of publication, distribution, etc. თბილისი
260 ## - PUBLICATION, DISTRIBUTION, ETC.
Name of publisher, distributor, etc. მერანი
260 ## - PUBLICATION, DISTRIBUTION, ETC.
Date of publication, distribution, etc. 1986
300 ## - PHYSICAL DESCRIPTION
Extent 640გვ.20სმ.
653 ## - INDEX TERM--UNCONTROLLED
Uncontrolled term რომანები.
942 ## - ADDED ENTRY ELEMENTS (KOHA)
Koha item type წიგნი
ეგზემპლარები
Withdrawn status Lost status Damaged status Not for loan Date acquired Barcode Date last seen Price effective from Koha item type
        2018-12-17 38491 2018-12-17 2018-12-17 წიგნი